Introducción a la doctrina de San Juan de Ávila / (Record n. 21840)

Dettagli MARC
000 -LEADER
fixed length control field 00889cam a2200253 i 4500
003 - CONTROL NUMBER IDENTIFIER
control field IT-RoINE
005 - DATE AND TIME OF LATEST TRANSACTION
control field 20220628062525.0
008 - FIXED-LENGTH DATA ELEMENTS--GENERAL INFORMATION
fixed length control field 010302s2000 sp | r ||1 ||spa d
020 ## - INTERNATIONAL STANDARD BOOK NUMBER
International Standard Book Number 8479144971
040 ## - CATALOGING SOURCE
Original cataloging agency SpMaBN
Transcribing agency SpMaBN IT-RoINE
Modifying agency IT-RoINE
100 1# - MAIN ENTRY--PERSONAL NAME
Personal name Esquerda Bifet, Juan,
Dates associated with a name 1929-
9 (RLIN) 2421
245 10 - TITLE STATEMENT
Title Introducción a la doctrina de San Juan de Ávila /
Statement of responsibility, etc Juan Esquerda Bifet.
260 ## - PUBLICATION, DISTRIBUTION, ETC. (IMPRINT)
Place of publication, distribution, etc Madrid :
Name of publisher, distributor, etc Biblioteca de Autores Cristianos,
Date of publication, distribution, etc 2000.
300 ## - PHYSICAL DESCRIPTION
Extent XVIII, 569 p. ;
Dimensions 20 cm.
336 ## - CONTENT TYPE
Source rdacontent
Content type term text
337 ## - MEDIA TYPE
Source rdamedia
Media type term unmediated
338 ## - CARRIER TYPE
Source rdacarrier
Carrier type term volume
490 1# - SERIES STATEMENT
Series statement Biblioteca de autores cristianos ;
Volume number/sequential designation 608
500 ## - GENERAL NOTE
General note Incluye índices.
504 ## - BIBLIOGRAPHY, ETC. NOTE
Bibliography, etc Bibliografía: p. [533]-559.
600 04 - SUBJECT ADDED ENTRY--PERSONAL NAME
Personal name Juan de Ávila,
Titles and other words associated with a name Santo,
Dates associated with a name 1500-1569
9 (RLIN) 2420
General subdivision Crítica e interpretación
830 #0 - SERIES ADDED ENTRY--UNIFORM TITLE
9 (RLIN) 843
Uniform title Biblioteca de Autores Cristianos ;
Volume number/sequential designation 608
942 ## - ADDED ENTRY ELEMENTS (KOHA)
Item type Monografías
Dati di copia
Withdrawn status Lost status Damaged status Not for loan Home library Current library Date acquired Total Checkouts Full call number Barcode Date last seen Price effective from Koha item type
        Iglesia Nacional Española en Roma Iglesia Nacional Española en Roma 14/12/2017   COL.A 16.608 46621 14/12/2017 14/12/2017 Monografías